[Event "KP 2024/25,SK Lipa C-J. Jaromer"]
[Site "?"]
[Date "2025.02.16"]
[Round "8.2"]
[White "Prouza, Pavel"]
[Black "Pokorny, Zdenek"]
[Result "1/2-1/2"]
[WhiteElo "1965"]
[BlackElo "2200"]
[PlyCount "91"]
[EventDate "2025.??.??"]
[SourceVersionDate "2025.02.16"]

1. d4 Nf6 2. c4 e6 3. Nf3 b6 4. g3 Bb7 5. Bg2 Bb4+ 6. Nc3 O-O 7. O-O Bxc3 8.
bxc3 Be4 9. Ne1 Bxg2 10. Nxg2 Nc6 11. Qd3 e5 12. e4 d6 13. Bg5 h6 14. Bd2 Qe8
15. Rae1 Na5 16. f4 Qc6 17. c5 b5 18. cxd6 cxd6 19. fxe5 dxe5 20. d5 Qc4 21.
Qf3 Ne8 22. Qg4 Qc5+ 23. Be3 Qd6 24. Nh4 Kh8 25. Qf5 Nc7 26. Qh5 Nc4 27. Bc1
Ne8 28. Rxf7 Rxf7 29. Qxf7 Qf6 30. Qh5 Qb6+ 31. Kg2 Nf6 32. Qf3 Kg8 33. Nf5 Rf8
34. Ne7+ Kf7 35. Nc6 Kg8 36. Qf5 Nxd5 37. Qe6+ Kh8 38. Re2 Nxc3 39. Qe7 Rc8 40.
Bxh6 Qc7 41. Bxg7+ Kh7 42. Qh4+ Kxg7 43. Qg5+ Kh8 44. Qh4+ Qh7 45. Qf6+ Qg7 46.
Qh4+ 1/2-1/2

[Event "KP 2024/25,SK Lipa C-J. Jaromer"]
[Site "?"]
[Date "2025.02.16"]
[Round "8.3"]
[White "Kratky, Josef"]
[Black "Prouza, Tomas"]
[Result "1/2-1/2"]
[WhiteElo "2100"]
[BlackElo "1940"]
[PlyCount "92"]
[EventDate "2025.??.??"]
[SourceVersionDate "2025.02.16"]

1. d4 Nf6 2. c4 g6 3. g3 Bg7 4. Bg2 O-O 5. Nc3 d6 6. e4 e5 7. Nge2 Nc6 8. d5
Ne7 9. O-O Ne8 10. f4 f5 11. fxe5 dxe5 12. Be3 Nd6 13. Qd3 fxe4 14. Nxe4 Nxe4
15. Bxe4 Nf5 16. Bc5 Nd6 17. Rxf8+ Bxf8 18. Rf1 Bh3 19. Bg2 Bf5 20. Qb3 b6 21.
Be3 a5 22. Qc3 Bg7 23. b3 Qd7 24. Qd2 a4 25. Nc3 axb3 26. axb3 Bh3 27. Qc2 Bxg2
28. Qxg2 Nf5 29. d6 Ra5 30. dxc7 Qxc7 31. Bf2 Nd4 32. Nd5 Qa7 33. Bxd4 exd4 34.
Qe4 Qa8 35. Qe6+ Kh8 36. Nxb6 Qd8 37. Nd5 Ra2 38. Re1 Qf8 39. Rf1 Qa8 40. Re1
Qf8 41. Qe8 d3 42. Qxf8+ Bxf8 43. Rd1 Bc5+ 44. Kf1 Rf2+ 45. Ke1 Re2+ 46. Kf1
Rf2+ 1/2-1/2

[Event "KP 2024/25,SK Lipa C-J. Jaromer"]
[Site "?"]
[Date "2025.02.16"]
[Round "8.4"]
[White "Wenke, Oldrich"]
[Black "Fiedler, Bedrich"]
[Result "1/2-1/2"]
[WhiteElo "1982"]
[BlackElo "2062"]
[PlyCount "26"]
[EventDate "2025.??.??"]
[SourceVersionDate "2025.02.16"]

1. e4 c5 2. Nc3 g6 3. f4 Bg7 4. Nf3 Nc6 5. Bb5 Nd4 6. O-O Nxb5 7. Nxb5 a6 8.
Nc3 d6 9. d3 Nf6 10. Qe1 b5 11. Qh4 b4 12. Nd1 e6 13. Be3 Nd7 1/2-1/2

[Event "KP 2024/25,SK Lipa C-J. Jaromer"]
[Site "?"]
[Date "2025.02.16"]
[Round "8.5"]
[White "Smid, Jaroslav"]
[Black "Mares, Ilja"]
[Result "1/2-1/2"]
[WhiteElo "1926"]
[BlackElo "1925"]
[PlyCount "92"]
[EventDate "2025.??.??"]
[SourceVersionDate "2025.02.16"]

1. e4 c6 2. d4 d5 3. exd5 cxd5 4. c4 Nc6 5. cxd5 Qxd5 6. Nf3 Bg4 7. Be2 e6 8.
O-O Rd8 9. Nc3 Qd7 10. Bg5 Be7 11. Bxe7 Ngxe7 12. Ne5 Bxe2 13. Nxe2 Nxe5 14.
dxe5 O-O 15. Nc3 h6 16. Qf3 Qc6 17. Qxc6 Nxc6 18. f4 Rd2 19. Rf2 Rfd8 20. Ne4
Rd1+ 21. Rxd1 Rxd1+ 22. Rf1 Rd4 23. Nc5 Rd2 24. Rf2 Rd1+ 25. Rf1 Rd2 26. Rf2
Rd1+ 27. Rf1 Rxf1+ 28. Kxf1 b6 29. Nb3 Nb4 30. Nc1 g5 31. g3 Kg7 32. Kf2 Kg6
33. Kf3 h5 34. a3 g4+ 35. Ke4 Nd5 36. f5+ Kg5 37. Ne2 Nc7 38. f6 a5 39. Nd4 a4
40. Nc6 Na6 41. Nd8 Nc5+ 42. Kd4 Kg6 43. Nc6 Kf5 44. Ne7+ Kg5 45. Nc6 Kf5 46.
Ne7+ Kg5 1/2-1/2

[Event "KP 2024/25,SK Lipa C-J. Jaromer"]
[Site "?"]
[Date "2025.02.16"]
[Round "8.6"]
[White "Boruvka, Milan"]
[Black "Nemec, Otakar"]
[Result "1-0"]
[WhiteElo "1914"]
[BlackElo "1840"]
[PlyCount "45"]
[EventDate "2025.??.??"]
[SourceVersionDate "2025.02.16"]

1. e4 c5 2. Nc3 Nc6 3. Bb5 g6 4. f4 Bg7 5. Bxc6 dxc6 6. Nf3 Bg4 7. h3 Bxf3 8.
Qxf3 Nf6 9. d3 O-O 10. Be3 b6 11. g4 Qd7 12. f5 Rad8 13. O-O-O Qb7 14. h4 Nd7
15. h5 gxf5 16. gxf5 Kh8 17. Bg5 Bxc3 18. bxc3 f6 19. Bh6 Rg8 20. Rdg1 Qc8 21.
Rg6 hxg6 22. hxg6 Rg7 23. Bxg7+ 1-0

[Event "KP 2024/25,SK Lipa C-J. Jaromer"]
[Site "?"]
[Date "2025.02.16"]
[Round "8.7"]
[White "Beneda, Marek"]
[Black "Marxova, Sarka"]
[Result "0-1"]
[WhiteElo "1847"]
[BlackElo "1658"]
[PlyCount "52"]
[EventDate "2025.??.??"]
[SourceVersionDate "2025.02.16"]

1. e4 c5 2. Nf3 d6 3. d4 cxd4 4. Nxd4 Nf6 5. Nc3 a6 6. Bc4 b5 7. Bb3 Bb7 8. Be3
Nbd7 9. f3 Nc5 10. O-O g6 11. Qe1 Bg7 12. Qf2 O-O 13. a3 Nxb3 14. cxb3 Rc8 15.
Rfd1 Nd7 16. Rac1 Nc5 17. b4 Nd7 18. Nb3 Ne5 19. Na5 Ba8 20. Nd5 Rxc1 21. Bxc1
Bxd5 22. exd5 Qc7 23. Be3 Rc8 24. h3 Qc2 25. Rd2 Qb1+ 26. Qf1 Rc1 0-1

[Event "KP 2024/25,SK Lipa C-J. Jaromer"]
[Site "?"]
[Date "2025.02.16"]
[Round "8.8"]
[White "Kunes, Jan"]
[Black "Fort, Hugo"]
[Result "0-1"]
[WhiteElo "1901"]
[BlackElo "1762"]
[PlyCount "94"]
[EventDate "2025.??.??"]
[SourceVersionDate "2025.02.16"]

1. e4 c6 2. d4 d5 3. e5 Bf5 4. Nc3 e6 5. g4 Bg6 6. Nge2 h6 7. Nf4 Bh7 8. Bd3
Bxd3 9. Qxd3 Ne7 10. h4 a6 11. Be3 c5 12. O-O-O Nbc6 13. g5 cxd4 14. Bxd4 Nxd4
15. Qxd4 Nc6 16. Qd2 hxg5 17. hxg5 Rxh1 18. Rxh1 Qxg5 19. Rh5 Qg4 20. Rh8 O-O-O
21. Nd3 Be7 22. Rxd8+ Bxd8 23. f4 Ba5 24. Qf2 Bxc3 25. bxc3 Qf5 26. Qb6 Qh3 27.
Kb2 Qh4 28. Nc5 Qe7 29. Nb3 Qd8 30. Qc5 Kc7 31. Qg1 g6 32. Qh2 Qe7 33. Qf2 Nb8
34. Nc5 Kc6 35. Nb3 b6 36. Qd4 Nd7 37. c4 dxc4 38. Qxc4+ Nc5 39. Nd4+ Kb7 40.
Qf1 Qd7 41. Qf3+ Qd5 42. Qxd5+ exd5 43. Nf3 Ne6 44. Kc3 Kc6 45. Kd2 Kc5 46. Ke3
Kc4 47. Kd2 d4 0-1

[Event "KP 2024/25,SSPM Lipky C-Jiskra N. Bydzo"]
[Site "?"]
[Date "2025.02.16"]
[Round "8.1"]
[White "Winter, Ondrej"]
[Black "Kohout, Martin"]
[Result "1-0"]
[WhiteElo "2319"]
[BlackElo "2019"]
[PlyCount "47"]
[EventDate "2025.??.??"]
[SourceVersionDate "2025.02.18"]

1. e4 d6 2. d4 Nf6 3. Nc3 g6 4. f3 Bg7 5. Be3 Nbd7 6. Qd2 e5 7. d5 O-O 8. g4
Ne8 9. O-O-O Nc5 10. Nge2 b5 11. Nxb5 Qd7 12. Nbc3 a5 13. Ng3 Ba6 14. h4 Na4
15. h5 Nxc3 16. Qxc3 Bxf1 17. Rdxf1 Qa4 18. b3 Qa3+ 19. Qb2 Qb4 20. a3 Qb7 21.
Qc3 Ra6 22. Qd2 c6 23. Qh2 Bh8 24. Bh6 1-0

[Event "KP 2024/25,SSPM Lipky C-Jiskra N. Bydzo"]
[Site "?"]
[Date "2025.02.16"]
[Round "8.2"]
[White "Vanicek, Vojtech"]
[Black "Nun, Jiri"]
[Result "0-1"]
[WhiteElo "1902"]
[BlackElo "2228"]
[PlyCount "60"]
[EventDate "2025.??.??"]
[SourceVersionDate "2025.02.18"]

1. e4 c6 2. d4 g6 3. Nc3 Bg7 4. Be3 d5 5. exd5 cxd5 6. Nf3 Bg4 7. h3 Bxf3 8.
Qxf3 e6 9. O-O-O Nc6 10. g4 a6 11. Kb1 b5 12. Qg3 Nge7 13. f4 Qd7 14. Qf2 Na5
15. Bd3 f5 16. Ne2 Nc4 17. Bc1 Nd6 18. Qg2 Ne4 19. h4 O-O-O 20. a4 Kb7 21. axb5
axb5 22. h5 Rhg8 23. hxg6 hxg6 24. c3 Ra8 25. Ng3 Nxg3 26. Qxg3 b4 27. Rh2 Qa4
28. b3 Qa1+ 29. Kc2 Qxc3+ 30. Kb1 Ra1# 0-1

[Event "KP 2024/25,SSPM Lipky C-Jiskra N. Bydzo"]
[Site "?"]
[Date "2025.02.16"]
[Round "8.3"]
[White "Novak, Radomir"]
[Black "Bednar, Milos"]
[Result "0-1"]
[WhiteElo "2051"]
[BlackElo "1846"]
[PlyCount "82"]
[EventDate "2025.??.??"]
[SourceVersionDate "2025.02.18"]

1. d4 d5 2. c4 e6 3. Nc3 c5 4. cxd5 exd5 5. Nf3 Nc6 6. e3 Nf6 7. dxc5 Bxc5 8.
a3 O-O 9. b4 Bb6 10. Nb5 Bg4 11. Bb2 Re8 12. Nbd4 Nxd4 13. Bxd4 Bxd4 14. Qxd4
Re4 15. Qb2 Bxf3 16. gxf3 Rh4 17. Rd1 Qd6 18. f4 Re8 19. Be2 Rh3 20. Qd4 b6 21.
f3 Qe7 22. Kf2 Nh5 23. f5 Rh4 24. Qd3 d4 25. e4 Rd8 26. Qc4 Qe5 27. Kg2 Nf4+
28. Kg1 Qf6 29. Bf1 h6 30. Qc7 Rd6 31. b5 d3 32. Qc4 Qb2 33. Qb4 Qe5 34. Qe1
Rh5 35. Qe3 Rxf5 36. Kf2 Rh5 37. h4 g5 38. Bxd3 gxh4 39. Be2 Rxd1 40. Bxd1 Rg5
41. Rxh4 Qb2+ 0-1

[Event "KP 2024/25,SSPM Lipky C-Jiskra N. Bydzo"]
[Site "?"]
[Date "2025.02.16"]
[Round "8.4"]
[White "Vanicek, Lukas"]
[Black "Sprinar, Michal"]
[Result "0-1"]
[WhiteElo "1815"]
[BlackElo "1959"]
[PlyCount "70"]
[EventDate "2025.??.??"]
[SourceVersionDate "2025.02.18"]

1. f4 f5 2. Nf3 Nf6 3. e3 g6 4. b3 Bg7 5. Bb2 O-O 6. Be2 b6 7. c4 Bb7 8. O-O d6
9. b4 h6 10. Qc2 Nbd7 11. Nd4 Re8 12. Ne6 Qc8 13. Nxg7 Kxg7 14. Bf3 e5 15. Bxb7
Qxb7 16. Nc3 Kh7 17. Ne2 e4 18. Rab1 d5 19. c5 c6 20. Nd4 Rac8 21. Rfc1 bxc5
22. bxc5 Qa6 23. Ba1 Rb8 24. Qc3 Rxb1 25. Rxb1 Qxa2 26. Rb7 Rb8 27. Rxb8 Nxb8
28. Nxc6 Qb1+ 29. Kf2 Ng4+ 30. Ke2 Qd3+ 31. Qxd3 exd3+ 32. Kxd3 Nxc6 33. h3
Nf2+ 34. Ke2 Ne4 35. d3 Nxc5 0-1

[Event "KP 2024/25,SSPM Lipky C-Jiskra N. Bydzo"]
[Site "?"]
[Date "2025.02.16"]
[Round "8.5"]
[White "Jezbera, Jiri"]
[Black "Tichy, Vaclav"]
[Result "1-0"]
[WhiteElo "2049"]
[BlackElo "1673"]
[PlyCount "95"]
[EventDate "2025.??.??"]
[SourceVersionDate "2025.02.18"]

1. e4 c5 2. Nc3 d6 3. f4 Nf6 4. Bc4 g6 5. Nf3 Bg7 6. O-O O-O 7. a4 Nc6 8. d3 a6
9. Bb3 Qc7 10. h3 Bd7 11. Ng5 e6 12. Bd2 Rac8 13. Ne2 b5 14. Qe1 h6 15. Nf3 Nh7
16. c3 b4 17. Bc2 a5 18. g4 f5 19. Qg3 Ne7 20. Nh4 fxe4 21. dxe4 bxc3 22. bxc3
Nf6 23. e5 dxe5 24. Nxg6 Nxg6 25. Bxg6 e4 26. Qh4 Be8 27. f5 exf5 28. Bxf5 Bd7
29. Bxh6 Bxf5 30. Rxf5 Bxh6 31. Qxh6 Qh7 32. Rxf6 Qxh6 33. Rxh6 Rf3 34. Rf1
Rcf8 35. Rxf3 Rxf3 36. Re6 Rxh3 37. Rxe4 Kg7 38. Kf2 Kf6 39. Ng3 Rh2+ 40. Kf3
Rc2 41. Rc4 Ra2 42. Ne4+ Ke6 43. g5 Ra1 44. Rxc5 Rxa4 45. g6 Ra1 46. g7 Rg1 47.
Rg5 Rf1+ 48. Ke2 1-0

[Event "KP 2024/25,SSPM Lipky C-Jiskra N. Bydzo"]
[Site "?"]
[Date "2025.02.16"]
[Round "8.6"]
[White "Ficek, Martin"]
[Black "Tichy, Miroslav"]
[Result "0-1"]
[WhiteElo "1744"]
[BlackElo "1986"]
[PlyCount "74"]
[EventDate "2025.??.??"]
[SourceVersionDate "2025.02.18"]

1. e4 e5 2. f4 exf4 3. Nf3 g5 4. Bc4 Bg7 5. d4 d6 6. c3 h6 7. O-O Nc6 8. b3
Nge7 9. Ba3 O-O 10. Nbd2 a6 11. Rc1 Bg4 12. Qc2 b5 13. Bd3 Re8 14. d5 Ne5 15.
Nxe5 Bxe5 16. c4 c5 17. Bb2 b4 18. Bxe5 dxe5 19. Nf3 Qd6 20. Qb2 f6 21. Qf2 Ng6
22. Be2 Bd7 23. Nd2 g4 24. g3 Kg7 25. Bd3 Rh8 26. Rfe1 h5 27. Nf1 h4 28. Rcd1
Kf7 29. Rd2 Rac8 30. Qg2 Qf8 31. Kf2 Qh6 32. Qg1 Qg5 33. Ke2 hxg3 34. hxg3 fxg3
35. Kd1 Rh3 36. Rg2 Nf4 37. Rxg3 Nxd3 0-1

[Event "KP 2024/25,SSPM Lipky C-Jiskra N. Bydzo"]
[Site "?"]
[Date "2025.02.16"]
[Round "8.7"]
[White "Marek, Petr"]
[Black "Batka, Josef"]
[Result "1-0"]
[WhiteElo "1887"]
[BlackElo "1732"]
[PlyCount "47"]

1. e4 c5 2. Nf3 Nc6 3. d4 cxd4 4. Nxd4 Nf6 5. Nc3 e5 6. Ndb5 d6 7. Bg5 a6 8.
Na3 b5 9. Nd5 Be7 10. Bxf6 Bxf6 11. c3 O-O 12. Bd3 Bg5 13. O-O Be6 14. Nc2 Bxd5
15. exd5 Ne7 16. Be2 f5 17. a4 Qb6 18. axb5 axb5 19. Qd3 Rxa1 20. Rxa1 Rb8 21.
Nb4 e4 22. Qg3 Bf6 23. Ra6 Qb7 24. Qxd6 1-0

[Event "KP 2024/25,SSPM Lipky C-Jiskra N. Bydzo"]
[Site "?"]
[Date "2025.02.16"]
[Round "8.8"]
[White "Rozenek, Roman"]
[Black "Picek, Ivan"]
[Result "0-1"]
[WhiteElo "1821"]
[BlackElo "1902"]
[PlyCount "44"]
[SourceVersionDate "2025.02.18"]

1. e4 c5 2. a3 g6 3. Nc3 Bg7 4. Bc4 Nc6 5. d3 Nf6 6. f4 d6 7. Nf3 O-O 8. e5
dxe5 9. fxe5 Ng4 10. e6 f5 11. Bf4 Nge5 12. Ba2 a6 13. Qe2 Nxf3+ 14. gxf3 Nd4
15. Qf2 Bxe6 16. O-O-O Bxa2 17. Nxa2 Qd5 18. Nc3 Qxf3 19. Qh4 Bf6 20. Bg5 Qe3+
21. Bxe3 Bxh4 22. Na4 Rac8 0-1

[Event "KP 2024/25,TJ Hronov-TJ Nachod B"]
[Site "?"]
[Date "2025.02.16"]
[Round "8.3"]
[White "Velecky, Viktor"]
[Black "Semerak, Pavel"]
[Result "1/2-1/2"]
[WhiteElo "2037"]
[BlackElo "1960"]
[PlyCount "25"]
[EventDate "2025.??.??"]

1. e4 d6 2. d4 Nf6 3. Nc3 e5 4. Nf3 exd4 5. Nxd4 Be7 6. Bd3 O-O 7. O-O Re8 8.
b3 Nc6 9. Nxc6 bxc6 10. h3 Nd7 11. Be3 Bf6 12. Qd2 c5 13. Rad1 1/2-1/2

[Event "KP 2024/25,TJ Hronov-TJ Nachod B"]
[Site "?"]
[Date "2025.02.16"]
[Round "8.5"]
[White "Prochazka, Jan"]
[Black "Novotny, Jan"]
[Result "1/2-1/2"]
[WhiteElo "1850"]
[BlackElo "1921"]
[PlyCount "21"]
[EventDate "2025.??.??"]

1. e4 c5 2. Nf3 Nc6 3. Bb5 g6 4. O-O Bg7 5. Re1 a6 6. Bxc6 bxc6 7. Nc3 e5 8. d3
d6 9. h3 Nf6 10. Be3 O-O 11. Qd2 1/2-1/2

[Event "KP 2024/25,TJ Hronov-TJ Nachod B"]
[Site "?"]
[Date "2025.02.16"]
[Round "8.6"]
[White "Bednar, Jiri"]
[Black "Fuchs, Frantisek"]
[Result "1/2-1/2"]
[WhiteElo "1906"]
[BlackElo "1895"]
[PlyCount "107"]
[EventDate "2025.??.??"]

1. e4 c5 2. Nf3 Nc6 3. d4 cxd4 4. Nxd4 Nf6 5. Nc3 g6 6. Nxc6 dxc6 7. Qxd8+ Kxd8
8. Bf4 Bg7 9. O-O-O+ Ke8 10. Be5 Be6 11. Be2 Rd8 12. f4 Rd7 13. g4 Rg8 14. Rdg1
Rd8 15. Kb1 Bc8 16. Bc7 Rd7 17. Bb8 a6 18. g5 Nh5 19. Bxh5 Bxc3 20. Bg4 Rd8 21.
Bxc8 Rxc8 22. Ba7 Bd2 23. Rf1 e5 24. fxe5 Bxg5 25. Bc5 Be7 26. Bd6 Rf8 27. Rf3
Rd8 28. Rb3 Rd7 29. Rf1 f5 30. exf5 Bxd6 31. exd6 gxf5 32. Kc1 b5 33. Ra3 Rf6
34. Rxa6 Rfxd6 35. Ra3 Rd5 36. Raf3 Rf7 37. Rf4 Kd7 38. c4 bxc4 39. Rxc4 Kd6
40. Rcf4 Ke5 41. Kc2 Rd4 42. Rxd4 Kxd4 43. Kd2 Rg7 44. Rf2 Ke4 45. Ke2 f4 46.
a4 Ra7 47. b3 Rb7 48. Rf3 c5 49. Rc3 Rb4 50. Kf2 Kd4 51. Rf3 Ke4 52. Rc3 Kd4
53. Rf3 Ke4 54. Rc3 1/2-1/2

[Event "KP 2024/25,TJ Hronov-TJ Nachod B"]
[Site "?"]
[Date "2025.02.16"]
[Round "8.8"]
[White "Vokurka, Vilem"]
[Black "Cap, Jaroslav"]
[Result "1/2-1/2"]
[WhiteElo "1592"]
[BlackElo "1822"]
[PlyCount "20"]
[EventDate "2025.??.??"]

1. d4 d5 2. c4 c6 3. Nf3 Nf6 4. Nc3 Bf5 5. cxd5 cxd5 6. Qb3 Qb6 7. Nxd5 Nxd5 8.
Qxd5 e6 9. Qb3 Qxb3 10. axb3 Bc2 1/2-1/2

[Event "KP 2024/25,SK Jicin B-Lazne Belohrad"]
[Site "?"]
[Date "2025.02.16"]
[Round "8.1"]
[White "Lajbl, Jan"]
[Black "Nalevka, Petr"]
[Result "1-0"]
[WhiteElo "2226"]
[BlackElo "1966"]
[PlyCount "65"]
[EventDate "16.??.??"]

1. e4 e6 2. d4 d5 3. Nd2 Nf6 4. e5 Nfd7 5. f4 c5 6. c3 Nc6 7. Ndf3 Qb6 8. a3 f6
9. b4 cxd4 10. cxd4 Be7 11. Bd3 O-O 12. Ne2 Rf7 13. h4 Kh8 14. h5 f5 15. Rg1
Nf8 16. Be3 Bd7 17. g4 g6 18. gxf5 gxf5 19. Kf2 Qd8 20. Qf1 h6 21. Qh3 Nh7 22.
Rg6 Qf8 23. Rag1 a6 24. Kg2 b5 25. Kh1 Rc8 26. Bf2 a5 27. Bxb5 axb4 28. axb4
Bxb4 29. Nh4 Nxe5 30. Bxd7 Ng4 31. R6xg4 fxg4 32. Ng6+ Kg7 33. Nxf8 1-0

[Event "KP 2024/25,SK Jicin B-Lazne Belohrad"]
[Site "?"]
[Date "2025.02.16"]
[Round "8.2"]
[White "Korinek, Pavel"]
[Black "Urban, Zdenek"]
[Result "0-1"]
[WhiteElo "2011"]
[BlackElo "2155"]
[PlyCount "40"]
[EventDate "16.??.??"]

1. e4 d6 2. d4 Nf6 3. f3 Nbd7 4. Be3 c6 5. c3 e5 6. Bd3 d5 7. Nd2 Bd6 8. Ne2
Qc7 9. Qc2 dxe4 10. Nxe4 Nxe4 11. fxe4 O-O 12. O-O-O a5 13. h4 Nf6 14. h5 Ng4
15. Bg1 h6 16. d5 cxd5 17. exd5 f5 18. Rf1 e4 19. Bb5 Bd7 20. Nd4 Bxb5 0-1

[Event "KP 2024/25,SK Jicin B-Lazne Belohrad"]
[Site "?"]
[Date "2025.02.16"]
[Round "8.3"]
[White "Sadek, Vojtech"]
[Black "Balaz, Rene"]
[Result "1-0"]
[WhiteElo "1986"]
[BlackElo "2053"]
[PlyCount "59"]
[EventDate "16.??.??"]

1. e4 e5 2. Nf3 Nc6 3. Bb5 a6 4. Ba4 Nf6 5. O-O b5 6. Bb3 Be7 7. Re1 O-O 8. h3
d6 9. c3 Na5 10. Bc2 c5 11. d4 Qc7 12. Nbd2 cxd4 13. cxd4 Nc6 14. Nf1 Nb4 15.
Bb3 Bb7 16. Ng3 a5 17. a3 Nc6 18. d5 Nb8 19. Nf5 Bc8 20. N5h4 Ne8 21. Be3 Bxh4
22. Nxh4 Qe7 23. Nf3 Nf6 24. Bg5 Na6 25. Bc2 Bd7 26. Nh4 h6 27. Bxf6 Qxf6 28.
Nf3 Rfc8 29. Qd2 a4 30. Re3 1-0

[Event "KP 2024/25,SK Jicin B-Lazne Belohrad"]
[Site "?"]
[Date "2025.02.16"]
[Round "8.4"]
[White "Dupenopulos, Karel"]
[Black "Pochinkov, Andrey"]
[Result "0-1"]
[WhiteElo "1878"]
[BlackElo "2041"]
[PlyCount "130"]
[EventDate "16.??.??"]

1. d4 Nf6 2. Bf4 d6 3. e3 g6 4. Bd3 Bg7 5. Nf3 O-O 6. O-O Nbd7 7. c3 Re8 8. Bc2
c6 9. Nbd2 e5 10. dxe5 dxe5 11. Bg5 Qc7 12. e4 Nc5 13. Qe2 b6 14. Rfd1 Ba6 15.
Qe1 Ne6 16. Nf1 h6 17. Be3 Nh5 18. g3 Qc8 19. Qd2 Rd8 20. Qe1 Rxd1 21. Rxd1
Nef4 22. Bxf4 Nxf4 23. Ne3 Qh3 24. c4 Ne6 25. Bd3 Nd4 26. Nxd4 exd4 27. Ng2 Re8
28. Qd2 Bc8 29. f3 g5 30. Qf2 Qd7 31. Re1 Qd6 32. Qd2 Bh3 33. Re2 a5 34. a3 c5
35. Qc2 Bd7 36. a4 Qc6 37. b3 Bc8 38. Qd2 Qe6 39. Rf2 Bb7 40. Qc2 Qe7 41. Re2
h5 42. Qd2 h4 43. gxh4 gxh4 44. Qf4 h3 45. Nh4 Qe5 46. Qxe5 Bxe5 47. Nf5 Kh8
48. Ng3 Rg8 49. Kf2 Bf4 50. Re1 Be3+ 51. Ke2 f6 52. Rf1 Bf4 53. Kf2 Rg5 54. Rd1
Bc8 55. Rf1 Kg7 56. Rd1 Kh6 57. Rf1 Rg8 58. Rh1 Be3+ 59. Ke2 Kg5 60. Nf1 Kf4
61. Ng3 Rxg3 62. hxg3+ Kxg3 63. Kf1 h2 64. Be2 Bh3+ 65. Ke1 Bg2 0-1

[Event "KP 2024/25,SK Jicin B-Lazne Belohrad"]
[Site "?"]
[Date "2025.02.16"]
[Round "8.5"]
[White "Zakoucka, Adela"]
[Black "Marhold, Vojtech"]
[Result "1/2-1/2"]
[WhiteElo "1911"]
[BlackElo "1828"]
[PlyCount "57"]
[EventDate "16.??.??"]

1. e4 c6 2. d4 d5 3. exd5 cxd5 4. c4 Nf6 5. Nc3 Nc6 6. Nf3 Bg4 7. Be2 e6 8. c5
Ne4 9. Bf4 Qa5 10. Qb3 Qb4 11. Qxb4 Nxb4 12. Bb5+ Kd8 13. Nxe4 dxe4 14. Ne5 Bh5
15. Kd2 a6 16. Ba4 Nd5 17. Bg3 b5 18. Bc2 f6 19. Nc6+ Kd7 20. Na5 f5 21. Be5
Be7 22. h3 Bg5+ 23. Ke1 e3 24. f3 f4 25. Ke2 Bg6 26. Bxg6 hxg6 27. Bxg7 Rh7 28.
Be5 Bf6 29. Bxf6 1/2-1/2

[Event "KP 2024/25,SK Jicin B-Lazne Belohrad"]
[Site "?"]
[Date "2025.02.16"]
[Round "8.6"]
[White "Groh, Ladislav"]
[Black "Rydl, Jan"]
[Result "1/2-1/2"]
[WhiteElo "1819"]
[BlackElo "1832"]
[PlyCount "32"]
[EventDate "16.??.??"]

1. Nf3 g6 2. d4 Bg7 3. c4 c5 4. e3 b6 5. Be2 Bb7 6. O-O e6 7. b3 f5 8. Bb2 d6
9. Qd2 Qe7 10. Rd1 Nf6 11. Nc3 O-O 12. dxc5 dxc5 13. Qd6 Qxd6 14. Rxd6 Ne4 15.
Rd3 Nc6 16. Na4 Rad8 1/2-1/2

[Event "KP 2024/25,SK Jicin B-Lazne Belohrad"]
[Site "?"]
[Date "2025.02.16"]
[Round "8.7"]
[White "Rychna, Lukas"]
[Black "Kykal, Zbynek"]
[Result "1-0"]
[WhiteElo "1976"]
[BlackElo "1821"]
[PlyCount "63"]
[EventDate "16.??.??"]

1. e4 d5 2. exd5 Qxd5 3. Nc3 Qa5 4. Nf3 Bg4 5. h3 Bh5 6. Bb5+ c6 7. Be2 Nf6 8.
d4 Nbd7 9. O-O e6 10. Bf4 Be7 11. a3 O-O 12. b4 Qd8 13. Na4 Rc8 14. c4 Ne4 15.
Qd3 Bg6 16. Qb3 Bd6 17. Bxd6 Nxd6 18. Rfd1 b5 19. Nc5 bxc4 20. Bxc4 Nxc4 21.
Qxc4 Nxc5 22. dxc5 Qc7 23. Rd6 Rfd8 24. Rad1 Rxd6 25. cxd6 Qb6 26. d7 Rd8 27.
Ne5 Qc7 28. f4 Bh5 29. Rd2 g5 30. Qxc6 Qb8 31. Qd6 Qb7 32. Nc6 1-0

[Event "KP 2024/25,SK Jicin B-Lazne Belohrad"]
[Site "?"]
[Date "2025.02.16"]
[Round "8.8"]
[White "Jezek, Milan"]
[Black "Kordik, Jan"]
[Result "0-1"]
[WhiteElo "1815"]
[BlackElo "1707"]
[PlyCount "106"]
[EventDate "16.??.??"]

1. c4 c5 2. g3 Nc6 3. Bg2 Nf6 4. Nc3 e6 5. e4 d5 6. cxd5 exd5 7. exd5 Nb4 8. d3
Bf5 9. Ne4 Qa5 10. Nxf6+ gxf6 11. Qe2+ Kd7 12. Bh3 Bxh3 13. Nxh3 Re8 14. Be3
Nc2+ 15. Kf1 Nxa1 16. Kg2 Qxa2 17. Qg4+ Kd8 18. Rc1 Rxe3 19. Qf4 Qxd5+ 20. Kg1
Rxd3 21. Qxf6+ Kd7 22. Qxh8 Rd1+ 23. Rxd1 Qxd1+ 24. Kg2 Qd5+ 25. Kg1 Bd6 26.
Qc3 Nb3 27. Qe3 Qd1+ 28. Kg2 Qd5+ 29. Kg1 Nd4 30. Ng5 f6 31. Ne4 Qe5 32. f4 Qe6
33. Qd3 f5 34. Nc3 a6 35. Kf2 Qb3 36. Qd2 Qc2 37. Qxc2 Nxc2 38. Nd5 Ke6 39. Nb6
Nb4 40. Ke3 Nd5+ 41. Nxd5 Kxd5 42. Kd3 c4+ 43. Ke2 Ke4 44. h3 b5 45. h4 b4 46.
h5 c3 47. b3 Bc5 48. Kd1 Kd3 49. h6 c2+ 50. Kc1 Be3+ 51. Kb2 c1=Q+ 52. Ka2 Kc3
53. g4 Qb2# 0-1

[Event "KP 2024/25,L. Belohrad-SSPM Lipky C"]
[Site "?"]
[Date "2025.03.05"]
[Round "9.1"]
[White "Nalevka, Petr"]
[Black "Novak, Radomir"]
[Result "0-1"]
[WhiteElo "1962"]
[BlackElo "2035"]
[Annotator "user"]
[PlyCount "70"]

{/40+15'+30""] [Site "?"] [Date "2025. 03. 02"] [Round "9. [White "Nalevka
Petr"] [Black "Novak Radomir"] [Result "0-1"] [PlyCount "70"] 
[TimeControl "40/5400+30:0/0:900+30"] 587MB} 1. d4 e6 2. c4 f5 3. Nf3 Nf6 4. g3
d5 5. Bg2 c6 6. Qc2 Bd6 7. O-O O-O 8. b3 Qe7 9. Nc3 Nbd7 10. Bb2 Ne4 11. a3 a6
12. Rfc1 g5 13. Nd2 Nxd2 14. Qxd2 f4 15. e4 dxc4 16. bxc4 e5 17. c5 Bc7 18. Na4
exd4 19. Bxd4 Ne5 20. Qc3 fxg3 21. hxg3 Bg4 22. Rab1 Rab8 23. Qb3+ Be6 24. Qe3
g4 25. Ba1 Ng6 26. Nb6 Be5 27. Rd1 Rbd8 28. Bxe5 Nxe5 29. Nd5 cxd5 30. exd5 Bf5
31. d6 Qf6 32. Rxb7 Rfe8 33. Bd5+ Be6 34. Bxe6+ Rxe6 35. Qb3 Qh6 0-1

[Event "KP 2024/25,L. Belohrad-SSPM Lipky C"]
[Site "?"]
[Date "2025.03.02"]
[Round "9.2"]
[White "Sprinar, Michal"]
[Black "Buchar, Petr"]
[Result "1/2-1/2"]
[WhiteElo "1985"]
[BlackElo "1919"]
[Annotator "user"]
[PlyCount "74"]
[EventDate "2025.??.??"]
[TimeControl "40/5400+30:900+30"]

{587MB} 1. e4 c5 2. Nf3 Nc6 3. d4 cxd4 4. Nxd4 Nf6 5. Nc3 e5 6. Ndb5 d6 7. Bg5
a6 8. Na3 b5 9. Nd5 Qa5+ 10. Bd2 Qd8 11. Bd3 Be7 12. Nxf6+ Bxf6 13. c4 O-O 14.
cxb5 Nd4 15. O-O axb5 16. Nxb5 Ba6 17. a4 Rb8 18. Nxd4 Bxd3 19. Nc6 Qc7 20.
Nxb8 Bxf1 21. Qxf1 Rxb8 22. Bc3 Qc6 23. Qd3 Bd8 24. a5 Kf8 25. b4 Ke7 26. Bd2
h6 27. a6 Bb6 28. b5 Qd7 29. Be3 Bxe3 30. fxe3 Qa7 31. Kf2 Rc8 32. Qd5 Rc5 33.
Qb7+ Qxb7 34. axb7 Rxb5 35. Ra7 Ke6 36. Kf3 g6 37. g4 Rb3 1/2-1/2

[Event "KP 2024/25,L. Belohrad-SSPM Lipky C"]
[Site "?"]
[Date "2025.03.02"]
[Round "9.3"]
[White "Groh, Ladislav"]
[Black "Jezbera, Jiri"]
[Result "0-1"]
[WhiteElo "1813"]
[BlackElo "2061"]
[Annotator "user"]
[PlyCount "88"]
[EventDate "2025.??.??"]
[TimeControl "40/5400+30:900+30"]

{587MB} 1. Nf3 {[%emt 0:00:00]} Nf6 2. e3 g6 3. b3 Bg7 4. Bb2 O-O 5. c4 d6 6.
d4 Nbd7 7. Nc3 e5 8. Be2 Re8 9. Qc2 exd4 10. exd4 Nf8 11. O-O Ne6 12. Qd2 Nh5
13. Rfe1 Nef4 14. h3 Qf6 15. Bf1 Bd7 16. Rxe8+ Rxe8 17. Re1 Nxh3+ 18. gxh3 Qxf3
19. Rxe8+ Bxe8 20. Bg2 Qf6 21. Qe3 Bd7 22. Nd5 Qd8 23. Bf3 c6 24. Bxh5 cxd5 25.
Bg4 Bxg4 26. hxg4 dxc4 27. bxc4 Qc8 28. Qe2 Qe6 29. Kf1 Kf8 30. f3 Ke7 31. Ke1
b6 32. Qxe6+ fxe6 33. Ke2 Bh6 34. d5 Bg5 35. Kd3 e5 36. a4 Bf4 37. Bc3 h5 38.
Be1 Kf6 39. Bb4 Kg5 40. Bxd6 e4+ 41. fxe4 Bxd6 42. gxh5 gxh5 43. Ke3 h4 44. Kf3
h3 0-1